| 000 | 00000nam##2200000za#4500 |
| 001 | 9.579573 |
| 003 | CaOODSP |
| 005 | 20210624190627 |
| 007 | cr ||||||||||| |
| 008 | 150406|1996||||xxc|||||o f|0| 0 eng|d |
| 022 | |a1488-5387 |
| 040 | |aCaOODSP|beng |
| 043 | |an-cn--- |
| 086 | 1 |aFs97-4/2350E-PDF |
| 110 | 1 |aCanada. |bDepartment of Fisheries and Oceans. |
| 245 | 10|aAnnotated bibliography of nearshore fish habitat maps for the Strait of Georgia / |h[electronic resource]|cby J. Lessard ... [et al.] |
| 260 | |aWest Vancouver - British Columbia : |bFisheries and Oceans Canada |c1996. |
| 300 | |a37p.|bfig., references |
| 490 | 1 |aCanadian manuscript report of fisheries and aquatic sciences|x1488-5387|vNo. 2350 |
| 500 | |aOn t.p.: Science Branch, West Vancouver Laboratory, West Vancouver, British Columbia. The catalogue number and ISSN for the print edition appear in the PDF version. |
| 546 | |a(Résumés en français) |
| 590 | |a14-09-Supp|b2014-04-23 |
| 720 | 1 |aLessard, J. |
| 830 | #0|aCanadian manuscript report of fisheries and aquatic sciences,|x1488-5387|vNo. 2350|w(CaOODSP)9.505211 |
| 856 | 40|ahttp://publications.gc.ca|qPDF|s1138 KB|uhttps://publications.gc.ca/collections/collection_2014/mpo-dfo/Fs97-4-2350-eng.pdf|yNo. 2350 |